000 00668nam a22002057a 4500
003 OSt
005 20161007191949.0
008 161007b xxu||||| |||| 00| 0 eng d
020 _a9781890627720
040 _cDMLN
082 _aWS342 M363t 2006
100 _aMartin, Sieglinde
_911162
245 _aTaching Motor skills to Children with Cerebral Palsy and similar movement disorder: a guide for parents and professionals
260 _aUnited States; Woodbine house, 2006
300 _axviii,237p; ill: 28cm
504 _aAppendix, references, & index included
650 _aCerebral Palsy-children
_911163
650 _aMotor skills
_911164
942 _2z
_cB_BANK
999 _c5325
_d5325